00977na a2200265 450000100060000000300080000600500170001400800410003103500100007204000250008204100080010708200210011524501410013624600300027726000430030730000180035061000510036861000540041965000390047365000680051265000390058065700300061970000320064974000300068121872MIRAKIL20181213155235.0170208b tu 000 0  a21872 aMilasbturcTR-AnCHP atur a353.04bH94 1999 aHükümet programıbBaşbakan Bülent Ecevit tarafından TBMM'ne sunulan 57. hükümet programıb4 Haziran 1999cBülent Ecevit a57. hükümet programı aAnkarabBaşbakanlık Basımevic1999 a40 s.c22 sm. aDSP-MHP-ANAP KoalisyonuxHükümet programı aDemokratik Sol Parti (DSP)xHükümet programı aKoalisyon hükümetiyProgramlar aSiyaset ve yönetimxHükümet programları, 1999zTürkiye aHükümet, 57.yProgramlar, 1999 a57. hükümet programı aEcevit, Bülentd1925-2006 a57. Hükümet programı